[Event "26th Troya Open 2018"]
[Site "Canakkale"]
[Date "2018.08.05"]
[Round "2.15"]
[White "Elci, Defne"]
[Black "Sahap, Abdurrahman"]
[Result "1/2-1/2"]
[WhiteElo "1378"]
[BlackElo "1688"]
[Annotator "NA RC"]
[PlyCount "111"]
[EventDate "2018.08.06"]
[EventType "swiss"]
[EventCountry "TUR"]
[SourceTitle "playchess.com"]
[Source "ChessBase"]
[SourceQuality "1"]
[TimeControl "5400+30"]

1. e4 c5 2. Nf3 Nc6 3. Bb5 Nf6 {[%emt 0:03:30]} 4. Nc3 {[%emt 0:05:00]} a6 {[%emt 0:00:30]} 5. Bxc6 {[%emt 0:00:30]} dxc6 {[%emt 0:00:30]} 6. h3 {[%emt 0:00:30]} g6 {[%emt 0:01:30]} 7. d3 {[%emt 0:01:30]} Bg7 {[%emt 0:00:00]} 8. O-O {[%emt 0:03:30]} O-O {[%emt 0:00:00]} 9. Bf4 {[%emt 0:05:30]} b5 {[%emt 0:05:30]} 10. Re1 {[%emt 0:08:30]} b4 {[%emt 0:04:30]} 11. Ne2 {[%emt 0:03:30]} Nh5 {[%emt 0:10:30]} 12. Be5 {[%emt 0:03:30]} Nf6 {[%emt 0:07:30]} 13. Bh2 {[%emt 0:00:30]} a5 {[%emt 0:03:30]} 14. Qd2 {[%emt 0:05:30]} Ba6 {[%emt 0:02:30]} 15. a3 {[%emt 0:10:30]} c4 {[%emt 0:07:30]} 16. axb4 {[%emt 0:05:30]} cxd3 {[%emt 0:01:30]} 17. cxd3 {[%emt 0:00:30]} Qxd3 {[%emt 0:01:30]} 18. Qxd3 {[%emt 0:00:30]} Bxd3 {[%emt 0:00:00]} 19. e5 {[%emt 0:01:30]} Nd5 {[%emt 0:01:00]} 20. bxa5 {[%emt 0:03:30]} Nb4 {[%emt 0:06:30]} 21. Nf4 {[%emt 0:07:30]} Bb5 {[%emt 0:08:30]} 22. Nd4 {[%emt 0:06:30]} Rfd8 {[%emt 0:01:30]} 23. Nxb5 {[%emt 0:02:30]} cxb5 {[%emt 0:00:30]} 24. Re4 {[%emt 0:06:55]} Rxa5 {[%emt 0:01:30]} 25. Rb1 {[%emt 0:05:57]} Nc6 {[%emt 0:02:30]} 26. b4 {[%emt 0:00:42]} Ra4 {[%emt 0:01:30]} 27. e6 {[%emt 0:05:00]} Rxb4 {[%emt 0:01:30]} 28. Rexb4 {[%emt 0:01:19]} Nxb4 {[%emt 0:00:30]} 29. exf7+ {[%emt 0:00:18]} Kxf7 {[%emt 0:00:30]} 30. Bg3 {[%emt 0:00:42]} Rd4 {[%emt 0:03:30]} 31. f3 {[%emt 0:04:32]} Rc4 {[%emt 0:00:30]} 32. Ne2 {[%emt 0:01:26]} Bf6 {[%emt 0:02:30]} 33. Kf1 {[%emt 0:01:50]} Bg5 {[%emt 0:03:30]} 34. Be1 {[%emt 0:01:02]} Nd3 {[%emt 0:03:18]} 35. Rxb5 {[%emt 0:00:30]} Bf6 {[%emt 0:00:30]} 36. Rb3 {[%emt 0:00:30]} Nc1 {[%emt 0:00:40]} 37. Nxc1 {[%emt 0:00:35]} Rxc1 {[%emt 0:00:22]} 38. Ke2 {[%emt 0:00:44]} Rc2+ {[%emt 0:00:25]} 39. Kf1 {[%emt 0:00:03]} Be5 {[%emt 0:00:51]} 40. Re3 {[%emt 0:00:49]} Bd6 {[%emt 0:00:39]} 41. Re4 {[%emt 0:00:31]} Rc1 {[%emt 0:01:26]} 42. Ke2 {[%emt 0:00:23]} Rb1 {[%emt 0:00:43]} 43. Kd3 {[%emt 0:00:42]} Ra1 {[%emt 0:00:30]} 44. Bb4 {[%emt 0:00:30]} Bxb4 {[%emt 0:00:30]} 45. Rxb4 {[%emt 0:00:30]} Rg1 {[%emt 0:00:30]} 46. Rb2 {[%emt 0:00:00]} Kf6 {[%emt 0:01:30]} 47. Ke3 {[%emt 0:00:33]} Re1+ {[%emt 0:01:00]} 48. Kf2 {[%emt 0:00:30]} Ra1 {[%emt 0:00:30]} 49. Rb6+ {[%emt 0:00:30]} e6 {[%emt 0:00:30]} 50. g4 {[%emt 0:00:02]} g5 {[%emt 0:00:55]} 51. Rb7 {[%emt 0:00:43]} Ra2+ {[%emt 0:00:30]} 52. Kg3 {[%emt 0:00:30]} h6 {[%emt 0:00:30]} 53. Rh7 {[%emt 0:00:30]} Kg6 {[%emt 0:00:25]} 54. Rb7 {[%emt 0:00:00]} Ra6 {[%emt 0:00:40]} 55. Rb5 {[%emt 0:00:28]} Kf6 {[%emt 0:00:30]} 56. h4 {[%emt 0:01:12]} 1/2-1/2

[Event "26th Troya Open 2018"]
[Site "Canakkale"]
[Date "2018.08.05"]
[Round "2.16"]
[White "Albay, Koraycan"]
[Black "Ersahince, Umut Utku"]
[Result "1-0"]
[WhiteElo "1693"]
[BlackElo "1414"]
[Annotator "NA RC"]
[PlyCount "79"]
[EventDate "2018.08.06"]
[EventType "swiss"]
[EventCountry "TUR"]
[SourceTitle "playchess.com"]
[Source "ChessBase"]
[SourceQuality "1"]
[TimeControl "5400+30"]

1. d4 Nf6 2. c4 e6 3. Nc3 Bb4 4. e3 O-O 5. Bd3 b6 6. Nge2 Bb7 7. O-O d5 8. a3 {[%emt 0:03:00]} Be7 {[%emt 0:04:00]} 9. cxd5 {[%emt 0:02:30]} exd5 {[%emt 0:01:30]} 10. b4 {[%emt 0:02:30]} Nbd7 {[%emt 0:08:30]} 11. Bb2 {[%emt 0:04:30]} Re8 {[%emt 0:05:30]} 12. Rc1 {[%emt 0:04:30]} a6 {[%emt 0:03:30]} 13. Qb3 {[%emt 0:03:30]} Nf8 {[%emt 0:11:30]} 14. a4 {[%emt 0:01:30]} Ne6 {[%emt 0:06:30]} 15. b5 {[%emt 0:01:30]} a5 {[%emt 0:03:30]} 16. Ba3 {[%emt 0:02:30]} Ng5 {[%emt 0:12:30]} 17. Bxe7 {[%emt 0:03:30]} Rxe7 {[%emt 0:05:30]} 18. Ng3 {[%emt 0:00:00]} g6 {[%emt 0:02:30]} 19. Rc2 {[%emt 0:03:00]} Kg7 {[%emt 0:03:30]} 20. Rfc1 {[%emt 0:04:30]} h5 {[%emt 0:03:30]} 21. h4 {[%emt 0:03:30]} Ngh7 {[%emt 0:02:30]} 22. Nce2 {[%emt 0:02:30]} Rd7 {[%emt 0:02:30]} 23. Nf4 {[%emt 0:00:30]} Nf8 {[%emt 0:10:12]} 24. Nf1 {[%emt 0:07:30]} Qe7 {[%emt 0:01:56]} 25. Nd2 {[%emt 0:01:30]} Rc8 {[%emt 0:08:29]} 26. Nf3 {[%emt 0:01:30]} Rd6 {[%emt 0:00:52]} 27. Ne5 {[%emt 0:00:30]} Qd8 {[%emt 0:00:50]} 28. g3 {[%emt 0:01:30]} Qe7 {[%emt 0:00:56]} 29. Bf1 {[%emt 0:02:30]} Ng4 {[%emt 0:00:54]} 30. Nc6 {[%emt 0:01:30]} Qd7 {[%emt 0:02:37]} 31. Na7 {[%emt 0:00:30]} c6 {[%emt 0:01:29]} 32. Nxc8 {[%emt 0:00:30]} Qxc8 {[%emt 0:00:00]} 33. bxc6 {[%emt 0:00:30]} Rxc6 {[%emt 0:00:11]} 34. Rxc6 {[%emt 0:00:30]} Bxc6 {[%emt 0:00:06]} 35. Bb5 {[%emt 0:00:30]} Qf5 {[%emt 0:00:05]} 36. Bxc6 {[%emt 0:01:30]} Ne6 {[%emt 0:00:24]} 37. Qxd5 {[%emt 0:00:30]} Nxf4 {[%emt 0:00:22]} 38. Qxf5 {[%emt 0:01:30]} Ne2+ {[%emt 0:00:30]} 39. Kf1 {[%emt 0:00:30]} gxf5 {[%emt 0:00:07]} 40. Kxe2 {[%emt 0:00:00]} 1-0

[Event "26th Troya Open 2018"]
[Site "Canakkale"]
[Date "2018.08.05"]
[Round "2.17"]
[White "Sar, Can"]
[Black "Mirza, Efe"]
[Result "1-0"]
[WhiteElo "1786"]
[BlackElo "1331"]
[Annotator "NA"]
[PlyCount "53"]
[EventDate "2018.08.06"]
[EventType "swiss"]
[EventCountry "TUR"]
[SourceTitle "playchess.com"]
[Source "ChessBase"]
[SourceQuality "1"]
[TimeControl "5400+30"]

1. e4 c5 2. Nf3 d6 3. d4 cxd4 4. Nxd4 Nf6 5. Nc3 g6 6. Be3 Bg7 7. Bc4 O-O 8. Bb3 {[%emt 0:01:00]} Nc6 {[%emt 0:07:00]} 9. f3 {[%emt 0:00:30]} Bd7 {[%emt 0:01:30]} 10. Qd2 {[%emt 0:00:30]} a6 {[%emt 0:02:30]} 11. O-O-O {[%emt 0:00:30]} b5 {[%emt 0:04:30]} 12. h4 {[%emt 0:01:30]} h5 {[%emt 0:00:30]} 13. g4 {[%emt 0:02:30]} hxg4 {[%emt 0:03:30]} 14. h5 {[%emt 0:00:30]} Nxd4 {[%emt 0:10:30]} 15. Bxd4 {[%emt 0:00:00]} Nxh5 {[%emt 0:02:30]} 16. Bxg7 {[%emt 0:01:00]} Kxg7 {[%emt 0:00:30]} 17. Rxh5 {[%emt 0:00:30]} Rh8 {[%emt 0:03:30]} 18. Rxh8 {[%emt 0:00:30]} Qxh8 {[%emt 0:00:30]} 19. Qd4+ {[%emt 0:00:00]} f6 {[%emt 0:00:30]} 20. Nd5 {[%emt 0:01:00]} Qd8 {[%emt 0:00:30]} 21. fxg4 {[%emt 0:06:30]} Bxg4 {[%emt 0:00:30]} 22. Rg1 {[%emt 0:00:30]} Bd7 {[%emt 0:00:30]} 23. Nf4 {[%emt 0:01:30]} Qe8 {[%emt 0:04:30]} 24. Rxg6+ {[%emt 0:00:30]} Qxg6 {[%emt 0:00:30]} 25. Nxg6 {[%emt 0:00:30]} Kxg6 {[%emt 0:00:30]} 26. Qg1+ {[%emt 0:00:30]} Kh7 {[%emt 0:00:00]} 27. Bf7 {[%emt 0:00:00]} 1-0

[Event "26th Troya Open 2018"]
[Site "Canakkale"]
[Date "2018.08.05"]
[Round "2.18"]
[White "Boz, Omer Ege"]
[Black "Ileri, Oktay"]
[Result "0-1"]
[WhiteElo "1390"]
[BlackElo "1697"]
[Annotator "NA RC"]
[PlyCount "76"]
[EventDate "2018.08.06"]
[EventType "swiss"]
[EventCountry "TUR"]
[SourceTitle "playchess.com"]
[Source "ChessBase"]
[SourceQuality "1"]
[TimeControl "5400+30"]

1. e4 c5 2. c3 d5 3. exd5 Qxd5 4. d4 Nc6 {[%emt 0:03:00]} 5. Na3 {[%emt 0:16:30]} cxd4 {[%emt 0:29:30]} 6. Nb5 {[%emt 0:03:30]} Qd8 {[%emt 0:00:30]} 7. Nxd4 {[%emt 0:12:30]} Nxd4 {[%emt 0:03:30]} 8. Qxd4 {[%emt 0:01:30]} Qxd4 {[%emt 0:00:30]} 9. cxd4 {[%emt 0:00:00]} Nf6 {[%emt 0:00:00]} 10. Nf3 {[%emt 0:00:00]} e6 {[%emt 0:01:00]} 11. Bd3 {[%emt 0:02:30]} Bd6 {[%emt 0:00:30]} 12. Bd2 {[%emt 0:01:30]} O-O {[%emt 0:02:30]} 13. O-O {[%emt 0:00:30]} b6 {[%emt 0:02:30]} 14. Ng5 {[%emt 0:03:30]} Bb7 {[%emt 0:00:30]} 15. Rfe1 {[%emt 0:02:30]} Rac8 {[%emt 0:11:30]} 16. Ne4 {[%emt 0:11:30]} Nxe4 {[%emt 0:02:30]} 17. Bxe4 {[%emt 0:00:30]} Bxe4 {[%emt 0:00:30]} 18. Rxe4 {[%emt 0:00:30]} Rc2 {[%emt 0:00:30]} 19. Bc3 {[%emt 0:00:00]} Ba3 {[%emt 0:00:30]} 20. Rb1 {[%emt 0:03:00]} Rc8 {[%emt 0:00:30]} 21. Re3 {[%emt 0:05:30]} Bxb2 {[%emt 0:01:30]} 22. Rxb2 {[%emt 0:03:30]} R8xc3 {[%emt 0:01:30]} 23. Rxc3 {[%emt 0:05:30]} Rxc3 {[%emt 0:00:30]} 24. g3 {[%emt 0:00:30]} Kf8 {[%emt 0:00:00]} 25. Rd2 {[%emt 0:00:30]} Ke7 {[%emt 0:06:00]} 26. Kf1 {[%emt 0:01:30]} Kd6 {[%emt 0:00:30]} 27. Ke2 {[%emt 0:00:30]} Kd5 {[%emt 0:00:00]} 28. f3 {[%emt 0:01:30]} b5 {[%emt 0:00:00]} 29. h3 {[%emt 0:02:30]} b4 {[%emt 0:00:30]} 30. h4 {[%emt 0:01:30]} f5 {[%emt 0:00:30]} 31. Kf2 {[%emt 0:00:30]} a5 {[%emt 0:00:30]} 32. Ke2 {[%emt 0:00:30]} a4 {[%emt 0:00:00]} 33. Rb2 {[%emt 0:00:30]} b3 {[%emt 0:00:00]} 34. axb3 {[%emt 0:01:30]} axb3 {[%emt 0:00:30]} 35. Rd2 {[%emt 0:01:30]} Rc2 {[%emt 0:00:30]} 36. Rxc2 {[%emt 0:00:30]} bxc2 {[%emt 0:00:30]} 37. Kd2 {[%emt 0:00:30]} Kxd4 {[%emt 0:00:00]} 38. Kxc2 {[%emt 0:00:30]} Ke5 {[%emt 0:00:00]} 0-1

[Event "26th Troya Open 2018"]
[Site "Canakkale"]
[Date "2018.08.05"]
[Round "2.19"]
[White "Uysal, Ugur"]
[Black "Savas, Cihan"]
[Result "1-0"]
[WhiteElo "1689"]
[BlackElo "1557"]
[Annotator "NA RC"]
[PlyCount "81"]
[EventDate "2018.08.06"]
[EventType "swiss"]
[EventCountry "TUR"]
[SourceTitle "playchess.com"]
[Source "ChessBase"]
[SourceQuality "1"]
[TimeControl "5400+30"]

1. Nf3 {[%emt 0:00:30]} Nf6 {[%emt 0:19:30]} 2. d4 {[%emt 0:00:00]} g6 {[%emt 0:01:30]} 3. c4 {[%emt 0:00:00]} Bg7 {[%emt 0:03:30]} 4. g3 {[%emt 0:00:30]} O-O {[%emt 0:00:30]} 5. Bg2 {[%emt 0:00:00]} d6 {[%emt 0:01:30]} 6. O-O {[%emt 0:01:00]} Nbd7 {[%emt 0:00:30]} 7. Nc3 {[%emt 0:00:30]} c5 {[%emt 0:00:30]} 8. e4 {[%emt 0:00:30]} cxd4 {[%emt 0:00:30]} 9. Nxd4 {[%emt 0:01:30]} a6 {[%emt 0:04:30]} 10. Re1 {[%emt 0:00:30]} Re8 {[%emt 0:01:30]} 11. h3 {[%emt 0:01:30]} Qc7 {[%emt 0:06:30]} 12. b3 {[%emt 0:00:30]} Rb8 {[%emt 0:01:30]} 13. Bb2 {[%emt 0:04:30]} Ne5 {[%emt 0:03:30]} 14. Rc1 {[%emt 0:01:30]} Nc6 {[%emt 0:00:30]} 15. Nd5 {[%emt 0:01:30]} Qd8 {[%emt 0:09:30]} 16. Nxc6 {[%emt 0:03:30]} bxc6 {[%emt 0:00:30]} 17. Nxf6+ {[%emt 0:00:00]} exf6 {[%emt 0:01:30]} 18. Qd2 {[%emt 0:03:00]} Qc7 {[%emt 0:07:30]} 19. Rcd1 {[%emt 0:14:30]} Rd8 {[%emt 0:04:30]} 20. Bc3 {[%emt 0:00:30]} Qe7 {[%emt 0:02:30]} 21. Ba5 {[%emt 0:02:30]} Rd7 {[%emt 0:00:30]} 22. h4 {[%emt 0:05:30]} Bf8 {[%emt 0:04:30]} 23. Bc3 {[%emt 0:01:30]} c5 {[%emt 0:05:31]} 24. Qf4 {[%emt 0:02:30]} Bg7 {[%emt 0:02:24]} 25. Bh3 {[%emt 0:00:30]} Rd8 {[%emt 0:08:01]} 26. Bxc8 {[%emt 0:00:30]} Rbxc8 {[%emt 0:00:13]} 27. Rd5 {[%emt 0:00:30]} h6 {[%emt 0:01:42]} 28. Red1 {[%emt 0:01:30]} Rc6 {[%emt 0:00:32]} 29. R1d3 {[%emt 0:03:30]} g5 {[%emt 0:01:20]} 30. Qf5 {[%emt 0:02:30]} Qe6 {[%emt 0:00:54]} 31. Rf3 {[%emt 0:01:30]} Re8 {[%emt 0:05:19]} 32. Bxf6 {[%emt 0:02:30]} gxh4 {[%emt 0:01:23]} 33. Bxh4 {[%emt 0:02:30]} Qxe4 {[%emt 0:01:25]} 34. Qxf7+ {[%emt 0:01:30]} Kh8 {[%emt 0:00:13]} 35. Bf6 {[%emt 0:00:30]} Qb1+ {[%emt 0:00:56]} 36. Kg2 {[%emt 0:00:30]} Rg8 {[%emt 0:00:28]} 37. Bxg7+ {[%emt 0:00:30]} Rxg7 {[%emt 0:00:30]} 38. Qe8+ {[%emt 0:00:00]} Kh7 {[%emt 0:00:31]} 39. Qxc6 {[%emt 0:00:00]} Qe4 {[%emt 0:00:27]} 40. Rxd6 {[%emt 0:00:00]} Qe5 {[%emt 0:00:21]} 41. Rxh6+ {[%emt 0:00:00]} 1-0

[Event "26th Troya Open 2018"]
[Site "Canakkale"]
[Date "2018.08.05"]
[Round "2.21"]
[White "Gurses, Ayberk"]
[Black "Akkas, Doruk"]
[Result "1-0"]
[WhiteElo "1660"]
[BlackElo "1340"]
[Annotator "NA RC"]
[PlyCount "103"]
[EventDate "2018.08.06"]
[EventType "swiss"]
[EventCountry "TUR"]
[SourceTitle "playchess.com"]
[Source "ChessBase"]
[SourceQuality "1"]
[TimeControl "5400+30"]

1. e4 c5 2. Nf3 Nc6 3. Bb5 g6 4. O-O Bg7 5. c3 Nf6 6. Re1 {[%emt 0:01:00]} a6 {[%emt 0:07:00]} 7. Ba4 {[%emt 0:00:30]} O-O {[%emt 0:02:30]} 8. d3 {[%emt 0:02:30]} b5 {[%emt 0:05:30]} 9. Bc2 {[%emt 0:01:30]} d6 {[%emt 0:03:30]} 10. Nbd2 {[%emt 0:01:30]} Be6 {[%emt 0:09:30]} 11. Nf1 {[%emt 0:11:30]} Qc7 {[%emt 0:07:30]} 12. h3 {[%emt 0:04:30]} Rad8 {[%emt 0:01:30]} 13. Bf4 {[%emt 0:01:30]} Qb6 {[%emt 0:05:30]} 14. Ng3 {[%emt 0:02:30]} h6 {[%emt 0:08:30]} 15. Qd2 {[%emt 0:04:30]} Kh7 {[%emt 0:01:30]} 16. d4 {[%emt 0:01:30]} cxd4 {[%emt 0:02:30]} 17. cxd4 {[%emt 0:00:30]} Bc8 {[%emt 0:02:30]} 18. Rac1 {[%emt 0:06:30]} Nd7 {[%emt 0:07:30]} 19. Be3 {[%emt 0:02:30]} Qa5 {[%emt 0:04:30]} 20. Qd3 {[%emt 0:03:30]} Nb4 {[%emt 0:01:30]} 21. Qc3 {[%emt 0:02:30]} Nb8 {[%emt 0:04:30]} 22. Bd2 {[%emt 0:02:30]} N8c6 {[%emt 0:01:30]} 23. a3 {[%emt 0:01:30]} Nxc2 {[%emt 0:02:30]} 24. Qxc6 {[%emt 0:03:30]} Nxd4 {[%emt 0:02:58]} 25. Bxa5 {[%emt 0:01:30]} Nxc6 {[%emt 0:00:09]} 26. Bxd8 {[%emt 0:00:30]} Bxb2 {[%emt 0:02:08]} 27. Rxc6 {[%emt 0:00:30]} Rxd8 {[%emt 0:00:06]} 28. Re3 {[%emt 0:01:30]} Bf6 {[%emt 0:01:20]} 29. Ne2 {[%emt 0:00:30]} a5 {[%emt 0:03:47]} 30. Nfd4 {[%emt 0:03:30]} Bd7 {[%emt 0:01:59]} 31. Rc7 {[%emt 0:00:30]} Be8 {[%emt 0:01:55]} 32. Nc6 {[%emt 0:00:30]} Bxc6 {[%emt 0:00:51]} 33. Rxc6 {[%emt 0:00:30]} Rb8 {[%emt 0:01:09]} 34. Rb3 {[%emt 0:00:30]} Kg7 {[%emt 0:05:13]} 35. Nc3 {[%emt 0:01:30]} Bxc3 {[%emt 0:01:06]} 36. Rcxc3 {[%emt 0:00:00]} Kf8 {[%emt 0:01:41]} 37. f3 {[%emt 0:00:00]} Ke8 {[%emt 0:00:24]} 38. Rc7 {[%emt 0:00:30]} Kd8 {[%emt 0:00:12]} 39. Ra7 {[%emt 0:00:30]} a4 {[%emt 0:00:29]} 40. Rxa4 {[%emt 0:00:00]} Rc8 {[%emt 0:00:36]} 41. Ra7 {[%emt 0:00:00]} Rb8 {[%emt 0:01:01]} 42. a4 {[%emt 0:00:30]} b4 {[%emt 0:00:00]} 43. a5 {[%emt 0:00:30]} f6 {[%emt 0:01:28]} 44. a6 {[%emt 0:00:00]} h5 {[%emt 0:00:28]} 45. Rb7 {[%emt 0:00:00]} Ra8 {[%emt 0:00:00]} 46. a7 {[%emt 0:00:30]} Rxa7 {[%emt 0:00:29]} 47. Rxa7 {[%emt 0:00:00]} e6 {[%emt 0:00:24]} 48. Rxb4 {[%emt 0:00:00]} Kc8 {[%emt 0:00:38]} 49. Rbb7 {[%emt 0:00:00]} e5 {[%emt 0:01:27]} 50. Rh7 {[%emt 0:00:00]} Kb8 {[%emt 0:00:30]} 51. Rag7 {[%emt 0:00:30]} Kc8 {[%emt 0:00:30]} 52. Rh8# {[%emt 0:00:00]} 1-0

[Event "26th Troya Open 2018"]
[Site "Canakkale"]
[Date "2018.08.05"]
[Round "3.6"]
[White "Eminov, Orkhan"]
[Black "Gulsoy, Mustafa Alpago"]
[Result "1/2-1/2"]
[WhiteElo "2272"]
[BlackElo "1978"]
[Annotator "NA"]
[PlyCount "103"]
[EventDate "2018.08.06"]
[EventType "swiss"]
[EventCountry "TUR"]
[SourceTitle "playchess.com"]
[Source "ChessBase"]
[SourceQuality "1"]
[TimeControl "5400+30"]

1. e4 {[%emt 0:00:30]} c5 {[%emt 0:00:30]} 2. Nf3 {[%emt 0:01:30]} d6 {[%emt 0:00:00]} 3. Bb5+ {[%emt 0:00:30]} Nd7 {[%emt 0:00:00]} 4. d4 {[%emt 0:00:30]} cxd4 {[%emt 0:00:30]} 5. Qxd4 {[%emt 0:01:30]} a6 {[%emt 0:00:30]} 6. Bxd7+ {[%emt 0:00:30]} Bxd7 {[%emt 0:00:30]} 7. Bg5 {[%emt 0:00:00]} Qc7 {[%emt 0:02:30]} 8. Nc3 {[%emt 0:01:00]} e6 {[%emt 0:03:30]} 9. O-O {[%emt 0:07:30]} f6 {[%emt 0:03:30]} 10. Bh4 {[%emt 0:00:30]} Nh6 {[%emt 0:00:30]} 11. Rad1 {[%emt 0:01:30]} Be7 {[%emt 0:06:30]} 12. Nd2 {[%emt 0:05:30]} b5 {[%emt 0:04:30]} 13. Kh1 {[%emt 0:01:30]} Rd8 {[%emt 0:02:30]} 14. a3 {[%emt 0:07:30]} Nf7 {[%emt 0:07:30]} 15. f4 {[%emt 0:00:30]} Bc6 {[%emt 0:00:30]} 16. Nf3 {[%emt 0:02:30]} e5 {[%emt 0:09:30]} 17. Qd2 {[%emt 0:11:30]} O-O {[%emt 0:00:30]} 18. Bf2 {[%emt 0:06:30]} Rfe8 {[%emt 0:03:30]} 19. Nh4 {[%emt 0:00:30]} Bf8 {[%emt 0:02:30]} 20. Nf5 {[%emt 0:01:30]} Qb7 {[%emt 0:01:30]} 21. Rfe1 {[%emt 0:03:30]} g6 {[%emt 0:02:30]} 22. Ne3 {[%emt 0:04:30]} Bg7 {[%emt 0:03:30]} 23. Ned5 {[%emt 0:07:30]} f5 {[%emt 0:01:30]} 24. exf5 {[%emt 0:02:30]} gxf5 {[%emt 0:03:30]} 25. Bh4 {[%emt 0:00:30]} Rd7 {[%emt 0:08:30]} 26. Qf2 {[%emt 0:02:30]} Nh6 {[%emt 0:07:30]} 27. h3 {[%emt 0:03:30]} Re6 {[%emt 0:01:30]} 28. Re3 {[%emt 0:03:30]} Rf7 {[%emt 0:02:30]} 29. Rg3 {[%emt 0:01:30]} Kh8 {[%emt 0:01:30]} 30. Qe2 {[%emt 0:01:30]} a5 {[%emt 0:01:39]} 31. b4 {[%emt 0:01:50]} a4 {[%emt 0:00:21]} 32. Re3 {[%emt 0:02:19]} Ng8 {[%emt 0:01:28]} 33. Qd2 {[%emt 0:04:59]} Nf6 {[%emt 0:01:55]} 34. Bxf6 {[%emt 0:02:21]} Bxf6 {[%emt 0:00:30]} 35. Nxf6 {[%emt 0:00:10]} Rfxf6 {[%emt 0:00:23]} 36. Nd5 {[%emt 0:02:15]} Rf8 {[%emt 0:01:09]} 37. fxe5 {[%emt 0:02:41]} dxe5 {[%emt 0:00:26]} 38. Nf4 {[%emt 0:00:20]} Ree8 {[%emt 0:02:34]} 39. Qc3 {[%emt 0:00:34]} Be4 {[%emt 0:00:27]} 40. Kh2 {[%emt 0:02:14]} Rg8 {[%emt 0:01:08]} 41. g4 {[%emt 0:02:05]} Qg7 {[%emt 0:05:29]} 42. Nh5 {[%emt 0:00:16]} Qe7 {[%emt 0:00:55]} 43. Rd2 {[%emt 0:01:22]} Ba8 {[%emt 0:02:37]} 44. Rde2 {[%emt 0:03:53]} Qb7 {[%emt 0:02:55]} 45. Rxe5 {[%emt 0:00:35]} Qh1+ {[%emt 0:00:35]} 46. Kg3 {[%emt 0:00:30]} Qg1+ {[%emt 0:00:00]} 47. Kf4 {[%emt 0:00:01]} Qf1+ {[%emt 0:00:18]} 48. Kg3 {[%emt 0:00:09]} Qg1+ {[%emt 0:00:30]} 49. Kf4 {[%emt 0:00:00]} Qf1+ {[%emt 0:03:19]} 50. Kg3 {[%emt 0:00:00]} Qg1+ {[%emt 0:00:23]} 51. Kf4 {[%emt 0:00:14]} Qf1+ {[%emt 0:00:28]} 52. Kg3 {[%emt 0:00:30]} 1/2-1/2

[Event "26th Troya Open 2018"]
[Site "Canakkale"]
[Date "2018.08.05"]
[Round "3.7"]
[White "Kirilmaz, Emre"]
[Black "Olcum, Ahmet"]
[Result "1/2-1/2"]
[WhiteElo "1895"]
[BlackElo "2274"]
[Annotator "NA"]
[PlyCount "60"]
[EventDate "2018.08.06"]
[EventType "swiss"]
[EventCountry "TUR"]
[SourceTitle "playchess.com"]
[Source "ChessBase"]
[SourceQuality "1"]
[TimeControl "5400+30"]

1. d4 {[%emt 0:00:30]} d6 {[%emt 0:00:30]} 2. c3 {[%emt 0:00:00]} g6 {[%emt 0:02:30]} 3. Bg5 {[%emt 0:04:00]} Bg7 {[%emt 0:00:30]} 4. e4 {[%emt 0:00:30]} Nf6 {[%emt 0:00:30]} 5. Nd2 {[%emt 0:00:30]} Nbd7 {[%emt 0:01:30]} 6. Ngf3 {[%emt 0:03:30]} e5 {[%emt 0:03:30]} 7. dxe5 {[%emt 0:00:30]} dxe5 {[%emt 0:01:30]} 8. Bc4 {[%emt 0:00:00]} O-O {[%emt 0:00:30]} 9. O-O {[%emt 0:00:00]} c6 {[%emt 0:04:30]} 10. Qe2 {[%emt 0:01:30]} Qc7 {[%emt 0:00:30]} 11. Rad1 {[%emt 0:00:30]} b5 {[%emt 0:03:30]} 12. Bd3 {[%emt 0:00:30]} a6 {[%emt 0:07:30]} 13. Rfe1 {[%emt 0:02:30]} c5 {[%emt 0:02:30]} 14. c4 {[%emt 0:00:30]} b4 {[%emt 0:00:00]} 15. Nf1 {[%emt 0:00:30]} Bb7 {[%emt 0:00:00]} 16. Qc2 {[%emt 0:01:30]} h6 {[%emt 0:06:30]} 17. Bc1 {[%emt 0:01:30]} Ne8 {[%emt 0:03:30]} 18. Ne3 {[%emt 0:00:30]} Nd6 {[%emt 0:00:30]} 19. Nd2 {[%emt 0:01:30]} Rfc8 {[%emt 0:08:30]} 20. b3 {[%emt 0:05:30]} Nf8 {[%emt 0:01:30]} 21. Nd5 {[%emt 0:00:30]} Qd8 {[%emt 0:01:30]} 22. Bb2 {[%emt 0:02:30]} Ne6 {[%emt 0:01:30]} 23. Nf3 {[%emt 0:02:30]} f6 {[%emt 0:16:30]} 24. Qd2 {[%emt 0:02:30]} a5 {[%emt 0:00:30]} 25. Bb1 {[%emt 0:00:30]} Nd4 {[%emt 0:00:30]} 26. Qe3 {[%emt 0:18:30]} Kh7 {[%emt 0:08:30]} 27. Nxd4 {[%emt 0:16:30]} cxd4 {[%emt 0:03:30]} 28. Qg3 {[%emt 0:01:30]} g5 {[%emt 0:04:50]} 29. h4 {[%emt 0:01:30]} Bc6 {[%emt 0:00:37]} 30. hxg5 {[%emt 0:01:30]} fxg5 {[%emt 0:03:46]} 1/2-1/2

[Event "26th Troya Open 2018"]
[Site "Canakkale"]
[Date "2018.08.05"]
[Round "4.1"]
[White "Arat, Ufuk Sezen"]
[Black "Sibashvili, Giorgi"]
[Result "1-0"]
[WhiteElo "2386"]
[BlackElo "2410"]
[Annotator "TA"]
[PlyCount "73"]
[EventDate "2018.08.06"]
[EventType "swiss"]
[EventCountry "TUR"]
[SourceTitle "playchess.com"]
[Source "ChessBase"]
[SourceQuality "1"]

{[%evp 18,73,27,30,34,22,40,40,73,31,42,0,67,64,72,68,111,112,120,112,106,115,202,203,204,208,200,187,180,188,352,361,694,719,803,799,788,783,778,780,765,635,691,636,940,939,897,902,1435,1317,1941,1934,1874,1812,1793,1680,1222,1020]} 1. Nf3 Nf6 2. c4 g6 3. g3 Bg7 4. Bg2 O-O 5. O-O c5 6. d4 d6 7. Nc3 cxd4 8. Nxd4 Nc6 9. Nc2 Be6 10. Nd5 {LiveBook: 12 Games. A38: Symmetrical English vs ...g6: 4 Bg2 Bg7 5 Nf3 Nf6} (10. b3 Qd7 11. Bb2 Bh3 12. Ne3 Rfd8 13. Qb1 Bxg2 14. Kxg2 e6 15. Rd1 a6 16. Rd2 Ne5 17. f3 b5 18. Ne4 Nxe4 19. Qxe4 bxc4 20. bxc4 {½-½ (67) Grischuk,A (2783)-Navara,D (2737) Tbilisi 2017}) 10... Ne5 11. Nd4 Bxd5 12. cxd5 {White is slightly better.} Qb6 13. b3 $146 ({Predecessor:} 13. e3 Rfc8 14. Qb3 Qa6 15. Bd2 Nd3 16. Rfd1 Nc5 17. Qb4 Nd3 {1-0 (67) Gauche,C (2258)-Cunha,L (2265) Porto Alegre 2013}) 13... Rfc8 14. Qd2 Rc7 (14... a5 $11) 15. Bb2 Rac8 16. a4 {[%cal Ba2a4,Ba4a5][%mdl 32]} Nfd7 17. a5 Qa6 18. h3 Nc5 {White should prevent ...Nxb3!} 19. Rfc1 Nxb3 (19... Ned3 $16 20. exd3 Bxd4 21. Bxd4 Nxb3 22. Rxc7 Rxc7) 20. Nxb3 $18 Nc4 21. Rxc4 $1 Rxc4 22. Bxg7 Kxg7 23. Nd4 Rc3 $2 {[#]} (23... R4c5 24. e4 Qc4) 24. Qg5 Kf8 $2 (24... f6 25. Ne6+ Kh8) 25. Qh6+ {White is clearly winning.} Ke8 26. Qxh7 Rc1+ 27. Rxc1 Rxc1+ 28. Kh2 Qxa5 29. Qg8+ Kd7 {next ...Qe1 is good for Black.} 30. Qxf7 Qe1 {[%csl Gc1][%cal Re1g1] [#]} 31. h4 {[%cal Bh3h4,Bh4h5,Bh5h6][%mdl 32]} Qg1+ 32. Kh3 a5 33. Qxg6 Qxf2 34. Qe6+ Kd8 35. Nf5 Rc7 36. h5 Rd7 37. h6 {Precision: White = 79%, Black = 36%.} 1-0